01202nam a22001817a 4500003000900000008004100009040007100050082002500121100002300146245003200169260005400201300002300255505067200278650002800950650001300978650001500991650001401006AR-CdUCM190427b ||||| |||| 00| 0 spa d aMUNICIPALIDAD PROVINCIAL DEL CUSCOcBIBLIOTECA MUNICIPAL DEL CUSCO a982.05 /bM68 / 1912 aMitre, Bartolomé aArchivo del general Mitre / aBuenos Aires :bBiblioteca de La Nación,c1912. a22 tomos ;c22 cm. aContenido: t.5 al t.6. Guerra del Paraguay -- t.7. Antecedentes de Pavón -- t.8 al t.9. Campaña de Pavón -- t.10 al t.13. Pacificación y reorganización nacional -- t.14. misión del general D. José M. Paz -- t.15. Cartas confidenciales de varios sobre diversos asuntos -- t.16. Campaña de Cepeda -- Ministerio de gobierno y relaciones exteriores de Buenos Aires -- t.18. Comandancia general del norte -- t.19. Ministerio de relaciones exteriores -- t.20 al t. 21. Correspondencia literaria -- t.22. Gobernación de Buenos Aires y ejercicio provisional del Poder Ejecutivo -- t.23 al t.27. Presidencia de la república -- t.28. La misión al Brasil. aOrganización Nacional aHistoria aSiglo XIX. aArgentina